Départements français (70-79) - Statistiques

Statistiques générales
  • Ce quiz a été pris 19 fois
  • Le résultat moyen est 9 sur 10
Statistiques - réponses
Hint Réponse % Correct
75 Paris
100%
72 Sarthe
100%
76 Seine-maritime
100%
74 Haute-Savoie
94%
73 Savoie
94%
77 Seine-et-Marne
94%
78 Yvelines
94%
70 Haute-Saône
88%
71 Saône-et-Loire
88%
79 Deux-Sèvres
75%
Aucun quiz correspondant
Distribution des résultats
% des personnes avec chaque résultat
Percentile par nombre de réponses
Votre historique - résultats
Vous n’avez pas pris ce quiz